Beneficial microorganisms in agriculture, food and the environment : (Record no. 13977)
[ view plain ]
| 000 -LEADER | |
|---|---|
| fixed length control field | 00526cam a22001818a 4500 |
| 020 ## - INTERNATIONAL STANDARD BOOK NUMBER | |
| ISBN | 9781845938109 (alk. paper) |
| 082 00 - DEWEY DECIMAL CLASSIFICATION NUMBER | |
| Classification number | 631.1926 |
| Item number | SUN/BE |
| 245 00 - TITLE STATEMENT | |
| Title | Beneficial microorganisms in agriculture, food and the environment : |
| 260 ## - PUBLICATION, DISTRIBUTION, ETC. (IMPRINT) | |
| Place of publication | Oxfordshire, UK : |
| Name of publisher | CAB International, |
| Year of publication | c2012. |
| 300 ## - PHYSICAL DESCRIPTION | |
| Number of Pages | p. ; |
| 650 12 - SUBJECT ADDED ENTRY--TOPICAL TERM | |
| Topical Term | Environmental Microbiology. |
| 650 22 - SUBJECT ADDED ENTRY--TOPICAL TERM | |
| Topical Term | Food Safety |
| 650 22 - SUBJECT ADDED ENTRY--TOPICAL TERM | |
| Topical Term | Models, Immunological. |
| 700 1# - ADDED ENTRY--PERSONAL NAME | |
| Personal name | Sundh, Ingvar. |
| 700 1# - ADDED ENTRY--PERSONAL NAME | |
| Personal name | Wilcks, Andrea. |
| 700 1# - ADDED ENTRY--PERSONAL NAME | |
| Personal name | Goettel, Mark S. |
| 942 ## - ADDED ENTRY ELEMENTS (KOHA) | |
| Koha item type | Reference |
| Withdrawn status | Lost status | Damaged status | Collection code | Home library | Current library | Shelving location | Date acquired | Source of acquisition | Full call number | Accession Number | Koha item type |
|---|---|---|---|---|---|---|---|---|---|---|---|
| Reference | KAUAET | KAUAET | Reference | 30/03/2013 | Neoti Book Agency | 631.1926 SUN/BE | 23905 | Reference |
